| 000 | 01085nam a2200265Ia 4500 | ||
|---|---|---|---|
| 003 | OSt | ||
| 005 | 20221005103749.0 | ||
| 006 | a|||||r|||| 00| 0 | ||
| 007 | ta | ||
| 008 | 221004b |||||||| |||| 00| 0 hin d | ||
| 020 |
_a9788189982362 (hbk) _cIndian Rupees 325 |
||
| 024 | _a43859 | ||
| 037 |
_bGift, 29/05/2019, _cTextual |
||
| 040 |
_aCRL _cCRL _bhin |
||
| 041 |
_2hin _ahin |
||
| 082 | _aP:795, 152Q1 | ||
| 100 | _aपालीवाल, रीतारानी, ले. | ||
| 245 | 0 |
_aअअनुवाद और भाषिक संस्कृति _b हिन्दी के प्रयोजनपरक संदर्भ |
|
| 246 | _aAanuvād aur bhāṣhik sanskṛuti: hindī ke prayojanaparak sandarbha | ||
| 260 |
_aदिल्ली _bआर्य प्रकाशन मंडल भारत _c2011 |
||
| 300 |
_a220पृ0 _ccm. |
||
| 650 | _aभाषाशास्त्र | ||
| 942 |
_hP:795, 152Q1 _cTEXL _2cc |
||
| 999 |
_c1010835 _d1010835 |
||